Central Library OPAC University of Rajshahi

Founders of modern Egypt / (Record no. 27738)

MARC details
000 -LEADER
fixed length control field 00815cam a22002651 4500
001 - CONTROL NUMBER
control field 27738
003 - CONTROL NUMBER IDENTIFIER
rucl marc code BD-RjUL
005 - DATE AND TIME OF LATEST TRANSACTION
control field 20211209051209.0
008 - FIXED-LENGTH DATA ELEMENTS--GENERAL INFORMATION
fixed length control field 140327s1962 ii cb b 001 0 eng
035 ## - SYSTEM CONTROL NUMBER
System control number (BD-RjUL)27817
System control number (OCoLC)1692523
040 ## - CATALOGING SOURCE
Original cataloging agency DLC
Transcribing agency FM
Modifying agency OCoLC
-- Uk
-- DLC
Language of cataloging eng
041 ## - LANGUAGE CODE
Language code of text/sound track or separate title eng
082 ## - DEWEY DECIMAL CLASSIFICATION NUMBER
Classification number 962.04
Author mark and year ROF 1962
100 1# - MAIN ENTRY--PERSONAL NAME
Personal name Rowlatt, Mary.
9 (RLIN) 85155
245 10 - TITLE STATEMENT
Title Founders of modern Egypt /
Statement of responsibility, etc. Foreword by G.P. Gooch.
260 ## - PUBLICATION, DISTRIBUTION, ETC. (IMPRINT)
Place of publication, distribution, etc. Bombay ;
-- London ;
-- New York :
Name of publisher, distributor, etc. Asia Pub. House,
Date of publication, distribution, etc. c1962.
300 ## - PHYSICAL DESCRIPTION
Pagination 188 p. :
Illustrations illus. ;
Size 23 cm.
504 ## - BIBLIOGRAPHY, ETC. NOTE
Bibliography, etc Includes bibliographical references and index.
651 #0 - SUBJECT ADDED ENTRY--GEOGRAPHIC NAME
Geographic name Egypt
General subdivision History
Chronological subdivision Ismail, 1863-1879.
9 (RLIN) 85156
Geographic name Egypt
General subdivision History
Chronological subdivision Tawfīq, 1879-1892.
9 (RLIN) 85157
942 ## - ADDED ENTRY ELEMENTS (KOHA)
Source of classification or shelving scheme Dewey Decimal Classification
Koha item type Books
Holdings
Lost status Source of classification or shelving scheme Damaged status Not for loan Collection code Permanent Location Current Location Shelving location Date acquired Source of acquisition Cost, normal purchase price Total Checkouts Full call number Date last seen Copy number Koha item type
  Dewey Decimal Classification     Non-fiction Central Library, University of Rajshahi Central Library, University of Rajshahi   09/02/1967 Royal Book Co. 20.94   962.04 ROF 1962 27/03/2014 C-2 Books
  Dewey Decimal Classification   Added to bundle Non-fiction Central Library, University of Rajshahi Central Library, University of Rajshahi Reading Room 27/10/1970 Sweets & Zaitlinger 35.00   962.04 ROF 1962 27/03/2014 C-1 Books
  Dewey Decimal Classification     Non-fiction Central Library, University of Rajshahi Central Library, University of Rajshahi   11/07/1963 Allies Book Cor. 18.80   962.04 ROF 1962 27/03/2014 C-3 Books